Engineering drawing (plane and solid geometry) (Record no. 14793)
[ view plain ]
| 000 -LEADER | |
|---|---|
| fixed length control field | 00422cam a2200157ua 4500 |
| 020 ## - INTERNATIONAL STANDARD BOOK NUMBER | |
| ISBN | 9789380358963 |
| 082 ## - DEWEY DECIMAL CLASSIFICATION NUMBER | |
| Classification number | 604.2 |
| Item number | BHA/EL |
| 100 ## - MAIN ENTRY--AUTHOR NAME | |
| Personal name | Bhatt, N.D . |
| 245 ## - TITLE STATEMENT | |
| Title | Engineering drawing (plane and solid geometry) |
| 250 ## - EDITION STATEMENT | |
| Edition statement | 53rd |
| 260 ## - PUBLICATION, DISTRIBUTION, ETC. (IMPRINT) | |
| Place of publication | Anand : |
| Name of publisher | Charotar Publishing house pvt. ltdl , |
| Year of publication | 2014 |
| 300 ## - PHYSICAL DESCRIPTION | |
| Number of Pages | 718p ; . |
| 700 ## - ADDED ENTRY--PERSONAL NAME | |
| Personal name | Pancha, V M |
| 700 ## - ADDED ENTRY--PERSONAL NAME | |
| Personal name | ingle, Pramod R |
| 942 ## - ADDED ENTRY ELEMENTS (KOHA) | |
| Koha item type | Books |
| Withdrawn status | Lost status | Damaged status | Home library | Current library | Shelving location | Date acquired | Cost, normal purchase price | Full call number | Accession Number | Koha item type | Collection code | Source of acquisition |
|---|---|---|---|---|---|---|---|---|---|---|---|---|
| KAUAET | KAUAET | Scheme | 25/03/2017 | 315.00 | 604.2 BHA/EL | BB 431 | Book Bank scheme for SC students | |||||
| KAUAET | KAUAET | Scheme | 25/03/2017 | 315.00 | 604.2 BHA/EL | BB 432 | Book Bank scheme for SC students | |||||
| KAUAET | KAUAET | General Stacks | 24/03/2017 | 330.00 | 604.2 BHA/EL | 25210 | Books | Calicut Books, Calicut | ||||
| KAUAET | KAUAET | General Stacks | 24/03/2017 | 330.00 | 604.2 BHA/EL | 25211 | Books | Calicut Books, Calicut | ||||
| KAUAET | KAUAET | General Stacks | 24/03/2017 | 330.00 | 604.2 BHA/EL | 25212 | Books | Calicut Books, Calicut | ||||
| KAUAET | KAUAET | General Stacks | 24/03/2017 | 330.00 | 604.2 BHA/EL | 25213 | Books | Calicut Books, Calicut | ||||
| KAUAET | KAUAET | General Stacks | 24/03/2017 | 330.00 | 604.2 BHA/EL | 25214 | Books | Calicut Books, Calicut | ||||
| KAUAET | KAUAET | General Stacks | 30/03/2017 | 350.00 | 604.2 BHA/EL | 25396 | Books | Vigyan Books, Delhi | ||||
| KAUAET | KAUAET | General Stacks | 30/03/2017 | 350.00 | 604.2 BHA/EL | 25397 | Books | Vigyan Books, Delhi | ||||
| KAUAET | KAUAET | General Stacks | 30/03/2017 | 350.00 | 604.2 BHA/EL | 25398 | Books | Vigyan Books, Delhi |
